Normal view
MARC view
- Foster, Timothy R. V.,
Entry Nombre Personal
001 - NUMERO DE CONTROL
- campo de control: 47460
003 - IDENTIFICADOR DE NUMERO DE CONTROL
- campo de control: DLC
005 - FECHA Y HORA DE LA ÜLTIMA TRANSACCIÓN
- campo de control: 20221124085853.0
008 - DATOS DE LONGITUD FIJA
- campo de control de longitud fija: 221124n| acannaabn |b aaa
010 ## - NÚMERO DE CONTROL DE LA BIBLIOTECA DEL CONGRESO
- Número de control LC: n 80005244
035 ## - NUMERO DE CONTROL
- Número de control: (OCoLC)oca00387874
040 ## - FUENTE DE CATALOGACIÓN
- Agencia original de catalogación: DLC
- Lenguaje de catalogación: spa
- Agencia de transcripción: DLC
- Agencia que lo modifica: OCoLC
- Agencia que lo modifica: IEN
- Agencia que lo modifica: MX-MxUPN
046 ## - FECHAS CON CODIFICACIÓN ESPECIAL
- Fecha de nacimiento: 19380825
100 1# - ENCABEZAMIENTO - NOMBRE PERSONAL
- Nombre personal: Foster, Timothy R. V.,
- Fechas asociadas con el nombre: 1938-
670 ## - FUENTE EN LA QUE SE LOCALIZARON DATOS
- Cita de la fuente: Pultz, B. L. The Fostair airline transport ... c1972
670 ## - FUENTE EN LA QUE SE LOCALIZARON DATOS
- Cita de la fuente: En su obra: Flying in congested airspace, 1983:
- Información localizada: CIP hoja de datos (Timothy R.V. Foster) info. fr. publisher (Timothy Richard Vernon Foster, U.K., b. 8/25/38)
670 ## - FUENTE EN LA QUE SE LOCALIZARON DATOS
- Cita de la fuente: Info. converted from 678, 2012-10-02
- Información localizada: (n. 1938)
902 ## - CATALOGADOR
- Catalogador: NDAF/241122
